Вып. 11 (53) : Исследования крановых металлоконструкций (ветровые нагрузки); Труды Всесоюзного научно-исследовательского института подъемно-транспортного машиностроения (ВНИИПТМАШ)

Bibliographic Details
Parent link:Труды Всесоюзного научно-исследовательского института подъемно-транспортного машиностроения (ВНИИПТМАШ): [сборник]/ Всесоюзный научно-исследовательский институт подъемно-транспортного машиностроения (ВНИИПТМАШ). Вып. 11 (53) : Исследования крановых металлоконструкций (ветровые нагрузки).— , 1960-
Other Authors: Богуславский П. Е. (редактор)
Language:Russian
Published: 1964
Subjects:
Format: Book
KOHA link:https://koha.lib.tpu.ru/cgi-bin/koha/opac-detail.pl?biblionumber=330141

MARC

LEADER 00000nam2a2200000 4500
001 330141
005 20231102004230.0
035 |a (RuTPU)RU\TPU\book\355914 
035 |a RU\TPU\book\348350 
090 |a 330141 
100 |a 20170609d1964 k y0rusy50 ca 
101 0 |a rus 
102 |a RU 
105 |a a z 001zy 
200 0 |a Вып. 11 (53) : Исследования крановых металлоконструкций (ветровые нагрузки)  |f под ред. П. Е. Богуславского 
210 |d 1964 
215 |a 82 с.  |c ил. 
320 |a Библиография в конце статей 
461 1 |0 (RuTPU)RU\TPU\book\164893  |t Труды Всесоюзного научно-исследовательского института подъемно-транспортного машиностроения (ВНИИПТМАШ)  |o [сборник]  |f Всесоюзный научно-исследовательский институт подъемно-транспортного машиностроения (ВНИИПТМАШ)  |v Вып. 11 (53) : Исследования крановых металлоконструкций (ветровые нагрузки)  |d 1960-  
606 1 |a Крановые конструкции металлические  |x Исследование  |2 stltpush  |3 (RuTPU)RU\TPU\subj\16088  |9 42274 
610 1 |a расчет 
610 1 |a краны 
610 1 |a аэродинамика 
610 1 |a прочность 
610 1 |a обтекание 
610 1 |a воздушные потоки 
675 |a 621.873.001  |v 3 
702 1 |a Богуславский  |b П. Е.  |4 340 
801 1 |a RU  |b 63413507  |c 20170329 
801 2 |a RU  |b 63413507  |c 20200211  |g RCR 
942 |c BK